| 000 | 00459nam a2200157Ia 4500 | ||
|---|---|---|---|
| 008 | 191130s1986##################000#0#eng## | ||
| 040 |
_aACL _cACL |
||
| 082 | _a582.13095487 FYS.1 | ||
| 100 | _aFyson, P. F | ||
| 245 |
_aThe flora of the South Indian hill stations _cP.F. Fyson |
||
| 260 |
_aDehra Dun _bBishen Singh Mahendra Pal Singh _c1986 |
||
| 300 | _a697 p. : ill | ||
| 990 | _a69798fbeac10000c2652363cbe2c52c2 | ||
| 991 | _a309336 | ||
| 999 |
_c429093 _d429093 |
||